Last Names Of Singers - Statistics

General Stats
  • This quiz has been taken 178 times
  • The average score is 10 of 15
Answer Stats
First Name Last Name % Correct
Katy Perry
97%
Kanye West
97%
Taylor Swift
94%
Harry Styles
93%
Nicki Minaj
89%
Justin Bieber / Timberlake
88%
Miley Cyrus
86%
Megan Trainor
55%
Nick Jonas
53%
Blake Shelton
53%
Luke Combs / Bryan
50%
Morgan Wallen / Wade
45%
Sam Hunt
23%
Gabby Barret
22%
Sean Kingston
13%
No matching quizzes found
Score Distribution
Percent of People with Each Score
Percentile by Number Answered
Your Score History
You have not taken this quiz